| 000 | 01253nam0a2200301 4500 | ||
|---|---|---|---|
| 001 | RU\NLR\bibl\1257664 | ||
| 005 | 20260405095243.0 | ||
| 010 |
_a5-87413-109-4 _9300 |
||
| 035 | _a(NLR Aleph) 001243687 | ||
| 090 |
_a274983 _c274983 |
||
| 100 | _a20080731d2007 |||y0rusy50 ca | ||
| 101 | 0 | _arus | |
| 102 | _aRU | ||
| 105 | _ay ||||||||| | ||
| 200 | 1 |
_aЭкология войны _e(исторические факты, прогнозы и версии) _fР.Г. Мамин |
|
| 210 |
_aМосква _cТИССО-Полиграф _d2007 |
||
| 215 |
_a466 с. _d22 |
||
| 300 | _aНа 465-й с. авт.: к.э.н., д.т.н., засл. эколог Рос. Федерации, акад. Рос. акад. естеств. наук и Междунар. акад. наук Евразии | ||
| 320 | _aБиблиогр.: с. 460-464 (111 назв.) | ||
| 606 | 1 |
_aВойна _xЭкологические последствия _92521153 _3RU\NLR\auth\661493943 |
|
| 686 | _aЦ0 | ||
| 700 | 1 |
_4070 _8rus _7ca _aМамин _bР. Г. _f1940- _gРустем Ганимович _3RU\NLR\auth\7735768 _918764 |
|
| 801 | 0 |
_aRU _bNLR _c20080731 _gRCR |
|
| 801 | 1 |
_aRU _bNLR _c20080731 |
|
| 830 | _aавт. по кн. | ||
| 942 | _cBOOK | ||
| 980 | _aNB | ||